Democracy and human rights in developing countries / (Record no. 11731)
[ view plain ]
| 000 -LEADER | |
|---|---|
| fixed length control field | 00695nam a22002172 4500 |
| 001 - CONTROL NUMBER | |
| control field | 0000025470 |
| 005 - DATE AND TIME OF LATEST TRANSACTION | |
| control field | 20151217154548.0 |
| 008 - FIXED-LENGTH DATA ELEMENTS--GENERAL INFORMATION | |
| fixed length control field | 150930s xx 000 0 eng d |
| 020 ## - INTERNATIONAL STANDARD BOOK NUMBER | |
| International Standard Book Number | 0595298036 : |
| 040 ## - CATALOGING SOURCE | |
| Original cataloging agency | KABU |
| Transcribing agency | KABU |
| 100 1# - MAIN ENTRY--PERSONAL NAME | |
| Personal name | Arat, Zehra F. |
| -- | 0000186123 |
| 245 10 - TITLE STATEMENT | |
| Title | Democracy and human rights in developing countries / |
| Statement of responsibility, etc. | Zehra F. Arat. |
| 260 ## - PUBLICATION, DISTRIBUTION, ETC. (IMPRINT) | |
| Place of publication, distribution, etc. | Lincoln : |
| Name of publisher, distributor, etc. | iUniverse, |
| Date of publication, distribution, etc. | 2003. |
| 300 ## - PHYSICAL DESCRIPTION | |
| Extent | xi, 219 p. |
| 650 #0 - SUBJECT ADDED ENTRY--TOPICAL TERM | |
| Topical term or geographic name as entry element | Human rights |
| Geographic subdivision | Developing countries. |
| -- | 0000165234 |
| 650 #0 - SUBJECT ADDED ENTRY--TOPICAL TERM | |
| Topical term or geographic name as entry element | Civil rights |
| General subdivision | Developing countries. |
| -- | 0000186124 |
| 650 #0 - SUBJECT ADDED ENTRY--TOPICAL TERM | |
| Topical term or geographic name as entry element | Democracy. |
| -- | 0000165202 |
| 852 1# - LOCATION | |
| -- | p4500 KES |
| 908 ## - PUT COMMAND PARAMETER (RLIN) | |
| Put command parameter | 150930 |
| 950 ## - LOCAL HOLDINGS (RLIN) | |
| -- | 1 |
| Withdrawn status | Lost status | Source of classification or shelving scheme | Not for loan | Home library | Current library | Date acquired | Total Checkouts | Full call number | Barcode | Date last seen | Date last checked out | Price effective from | Koha item type | Cost, normal purchase price | Copy number |
|---|---|---|---|---|---|---|---|---|---|---|---|---|---|---|---|
| Library of Congress Classification | Kabarak, Main Campus | Kabarak, Main Campus | 17/12/2015 | 1 | JC599 .A73 2003 c. 1 | 020680 | 20/02/2025 | 29/01/2025 | 17/12/2015 | General Collection | |||||
| Library of Congress Classification | Kabarak, Main Campus | Kabarak, Main Campus | 17/12/2015 | JC599 .A73 2003 c. 2 | 028330 | 29/01/2020 | 17/12/2015 | General Collection | 3486.00 | c. 2 | |||||
| Library of Congress Classification | Kabarak, Main Campus | Kabarak, Main Campus | 17/12/2015 | JC599 .A73 2003 c. 3 | 028331 | 29/01/2020 | 17/12/2015 | General Collection | 3486.00 | c. 3 |